Metodika analýzy a syntézy systémov

Enregistré dans:
Détails bibliographiques
Auteur principal: Prno, Ignác
Format: Livre
Langue:slovaque
Publié: Turany P+M Turany 2003
Sujets:
Tags: Ajouter un tag
Pas de tags, Soyez le premier à ajouter un tag!

MARC

LEADER 00000nam$a2200000$$$4500
001 0000846
005 20240318115319.8
020 |a 80-968742-3-3 
041 0 |a slo 
044 |a SK 
245 1 0 |a Metodika analýzy a syntézy systémov  |c Ignác Prno 
264 1 |a Turany  |b P+M Turany  |c 2003 
300 |a 204 s. 
610 2 0 |a systémy riadenia 
610 2 0 |a analýza systémov 
610 2 0 |a syntéza systémov 
610 2 0 |a systémy výrobné 
610 2 0 |a riadenie operatívne 
610 2 0 |a riadenie výroby 
610 2 0 |a modelovanie systémov riadiacich 
100 1 |a Prno, Ignác